| 000 | 00542nam a2200193 a 4500 | ||
|---|---|---|---|
| 001 | 2696 | ||
| 003 | CDMR | ||
| 005 | 20151030104202.0 | ||
| 008 | 130130s1970||||||||||||||||||||||||||||d | ||
| 040 |
_aCDMR _bcat _cCDMR |
||
| 100 | 1 |
_aSchaeffer, Pierre _92021 |
|
| 245 | 1 | 0 | _aMachines a communiquer |
| 260 |
_aParis _c1970-1972 _bSeuil |
||
| 300 | _a2 v. | ||
| 505 | _aConté: I. Genèse des simulacres ; II. Pouvoir et communication | ||
| 650 | 0 | 4 |
_9405 _aMitjans de comunicació de massa |
| 650 | 0 | 4 |
_9388 _aComunicació humana |
| 942 |
_cMON _2udc |
||
| 999 |
_c2696 _d2696 |
||